Ситуационный анализ экологических рисков при сжигании твердотопливных зарядов энергетических установок на открытом стенде; Известия Томского политехнического университета [Известия ТПУ]; Т. 322, № 1 : Науки о Земле

Detalles Bibliográficos
Parent link:Известия Томского политехнического университета [Известия ТПУ]/ Томский политехнический университет (ТПУ).— , 2000-
Т. 322, № 1 : Науки о Земле.— 2013.— [С. 157-161]
Outros autores: Попова М. В. Мария Владиславовна, Литвинов А. В. Андрей Владимирович, Козлов С. Н. Станислав Николаевич, Лушев В. П. Владимир Прокопьевич
Summary:Заглавие с титульного листа
Электронная версия печатной публикации
Рассмотрены факторы, определяющие экологическую безопасность открытого стенда при сжигании твердотопливных зарядов энергетических установок с использованием водной экологической защиты. Предложена схема структурной формализации информационно-управляющей системы обеспечения и контроля уровня выбросов продуктов сгорания в атмосферу. Определена функция экологического риска с учетом отказов информационно-управляющей системы. Даны исходные формулировки функциональных и параметрических отказов системы обеспечения экологической безопасности. Рассмотрены особенности термодинамического состояния выброса продуктов сгорания в атмосферу.
Idioma:ruso
Publicado: 2013
Series:Геоэкология
Subjects:
Acceso en liña:http://earchive.tpu.ru/bitstream/11683/4645/1/bulletin_tpu-2013-322-1-27.pdf
Formato: MixedMaterials Electrónico Capítulo de libro
KOHA link:https://koha.lib.tpu.ru/cgi-bin/koha/opac-detail.pl?biblionumber=233954

MARC

LEADER 00000nla2a2200000 4500
001 233954
005 20231031203713.0
035 |a (RuTPU)RU\TPU\book\255038 
035 |a RU\TPU\book\255036 
090 |a 233954 
100 |a 20130314d2013 k y0rusy50 ca 
101 0 |a rus 
102 |a RU 
135 |a drnn ---uucaa 
181 0 |a i  
182 0 |a b 
200 1 |a Ситуационный анализ экологических рисков при сжигании твердотопливных зарядов энергетических установок на открытом стенде  |b Электронный ресурс  |f М. В. Попова [и др.] 
203 |a Текст  |c электронный 
215 |a 1 файл (759 Мб) 
225 1 |a Геоэкология 
230 |a Электронные текстовые данные (1 файл : 759 Мб) 
300 |a Заглавие с титульного листа 
300 |a Электронная версия печатной публикации 
320 |a [Библиогр.: с. 161 (8 назв.)] 
330 |a Рассмотрены факторы, определяющие экологическую безопасность открытого стенда при сжигании твердотопливных зарядов энергетических установок с использованием водной экологической защиты. Предложена схема структурной формализации информационно-управляющей системы обеспечения и контроля уровня выбросов продуктов сгорания в атмосферу. Определена функция экологического риска с учетом отказов информационно-управляющей системы. Даны исходные формулировки функциональных и параметрических отказов системы обеспечения экологической безопасности. Рассмотрены особенности термодинамического состояния выброса продуктов сгорания в атмосферу. 
337 |a Adobe Reader 
461 1 |0 (RuTPU)RU\TPU\book\176237  |t Известия Томского политехнического университета [Известия ТПУ]  |f Томский политехнический университет (ТПУ)  |d 2000- 
463 1 |0 (RuTPU)RU\TPU\book\254945  |x 1684-8519  |t Т. 322, № 1 : Науки о Земле  |v [С. 157-161]  |d 2013  |p 175 с. 
610 1 |a экологическая безопасность 
610 1 |a экологический риск 
610 1 |a статическое сжигание 
610 1 |a твердотопливные заряды 
610 1 |a энергетические установки 
610 1 |a струи 
610 1 |a водное орошение 
610 1 |a баланс 
610 1 |a массы 
610 1 |a системный подход 
610 1 |a управляющие системы 
610 1 |a электронный ресурс 
701 1 |a Попова  |b М. В.  |g Мария Владиславовна 
701 1 |a Литвинов  |b А. В.  |g Андрей Владимирович 
701 1 |a Козлов  |b С. Н.  |g Станислав Николаевич 
701 1 |a Лушев  |b В. П.  |g Владимир Прокопьевич 
801 1 |a RU  |b 63413507  |c 20090623  |g PSBO 
801 2 |a RU  |b 63413507  |c 20220126  |g PSBO 
856 4 |u http://earchive.tpu.ru/bitstream/11683/4645/1/bulletin_tpu-2013-322-1-27.pdf 
942 |c CF